000 00215nam a2200097Ia 4500
008 120527s9999 xx 000 0 und d
100 _aGILL,W.
245 _aRendering with pen tink.
260 _bThomas
942 _cBK
999 _c23731
_d23731